Guidance on London's industrial capacity published for consultation (Record no. 73577)

MARC details
000 -LEADER
fixed length control field 01328cam a2200241 4500
008 - FIXED-LENGTH DATA ELEMENTS--GENERAL INFORMATION
fixed length control field 031008n2003 000 0 eng u
035 ## - SYSTEM CONTROL NUMBER
System control number (Sirsi) u123879
245 ## - TITLE STATEMENT
Title Guidance on London's industrial capacity published for consultation
260 ## - PUBLICATION, DISTRIBUTION, ETC.
Date of publication, distribution, etc. 2003
490 ## - SERIES STATEMENT
Series statement Greater London Authority News Release
Volume/sequential designation 399 30 September 2003 (2)
520 ## - SUMMARY, ETC.
Summary, etc. The Mayor of London has published draft supplementary planning guidance on the management of industrial land in London. The guidance for boroughs, developers and manufacturers shows how the industrial land in the capital should be managed to ensure there is sufficient land for London's industry. This guidance supplements the policies of the Mayor's draft London Plan.
590 ## - LOCAL NOTE (RLIN)
Local note WB
650 ## - SUBJECT ADDED ENTRY--TOPICAL TERM
Topical term or geographic name entry element LONDON
650 ## - SUBJECT ADDED ENTRY--TOPICAL TERM
Topical term or geographic name entry element INDUSTRIAL PROPERTY
650 ## - SUBJECT ADDED ENTRY--TOPICAL TERM
Topical term or geographic name entry element INDUSTRIAL LAND
650 ## - SUBJECT ADDED ENTRY--TOPICAL TERM
Topical term or geographic name entry element PLANNING
650 ## - SUBJECT ADDED ENTRY--TOPICAL TERM
Topical term or geographic name entry element STRATEGIC EMPLOYMENT LOCATIONS
650 ## - SUBJECT ADDED ENTRY--TOPICAL TERM
Topical term or geographic name entry element UNITARY DEVELOPMENT PLANS
690 ## - LOCAL SUBJECT ADDED ENTRY--TOPICAL TERM (OCLC, RLIN)
Topical term or geographic name as entry element ENVIRONMENTAL AND LAND CONSULTANCY-PLANNING AND DEVELOPMENT
856 ## - ELECTRONIC LOCATION AND ACCESS
Uniform Resource Identifier <a href="https://www.london.gov.uk/view_press_relsease.jsp?releaseid=1993">https://www.london.gov.uk/view_press_relsease.jsp?releaseid=1993</a>
Public note The Press Release is avaliable on the GLA website...
856 ## - ELECTRONIC LOCATION AND ACCESS
Uniform Resource Identifier <a href="https://www.london.gov.uk/mayor/strategies/sds/spg_industrial_capacity/industrial_capacity.pdf">https://www.london.gov.uk/mayor/strategies/sds/spg_industrial_capacity/industrial_capacity.pdf</a>
Public note A full copy of the report is on the GLA website
942 ## - ADDED ENTRY ELEMENTS (KOHA)
Suppress in OPAC 0
Holdings
Withdrawn status Lost status Source of classification or shelving scheme Damaged status Not for loan Home library Current library Shelving location Date acquired Total Checkouts Barcode Date last seen Copy number Price effective from Koha item type
    Dewey Decimal Classification     London London News article 08/10/2003   123879-1001 06/08/2019 1 06/08/2019 News article